000 01200nam a2200289 a 4500
999 _c375158
_d375158
003 BLK
005 20230704163621.0
008 230321b bul|||||r ||||||| ||bul||
020 _a9786190206200
040 _aBLK
041 _aBUL
_aSPA
_cBUL
080 _aАржентинска литература
_b821.134.2(82)
_x-1
_z821.134.2(82)-1
100 1 _941925
_aБорхес, Хорхе Луис
139 _aБорхес, Хорхе Луис
_bБ 67
245 _aВъзхвала на тъмнината
_cХорхе Луис Борхес ; състав., прев. от исп. Рада Панчовска ; ил. Капка Кънева
246 _aElogio de la sombra / Jorge Luis Borges
260 _9209486
_aСофия
_bКолибри
_c2022
_f([София] : Дедракс)
_n978-619-02- ; 978-619-150- ; 978-954-150- ; 978-954-529-
300 _a216 с. : с ил.
_c22 см
380 _aX
700 _9363758
_aПанчовска, Рада Стоянова
700 _9350789
_aКънева, Капка Николаева
852 _aЦб 316761
_bЦб
856 4 _qpdf
_i0.00
_ldisable
942 _cKNG
_n0
_s1
_01
944 _aCR
_c2023-03-21
_kГГГ
999 _d375158